000
00312nam a22001337a 4500
008
181218b xxu||||| |||| 00| 0 eng d
020
_a
9780716786368
041
_a
eng
080
_2
6th
_a
311
100
_a
54
101
_a
STA
245
_a
Statistics Concepts and Controversies
_c
Moore,D.S
942
_2
udc
_c
BK
999
_c
53480
_d
53480